000 00796nam a2200277Ia 4500
003 OSt
005 20221006144758.0
006 a|||||r|||| 00| 0
007 ta
008 221006b |||||||| |||| 00| 0 chi d
020 _a9787303037735
_cYu 38.00
024 _a12,695
037 _bGift, PRC
_cTextual
040 _aEASL
_cEASL
_bchi
041 _2chi
_achi
082 _aP41,3k, N5
100 _aYANG Qinghui Ed.
_9652830
245 0 _aXian dai Jianyu ''Li Heci'' Yongfa cidian
260 _aBeijing
_bBeijing Shifan Daxue Chubanshe China
_c1995
300 _a1018p.
_ccm.
490 _v RR
650 _aCL
_9642733
700 _a YU Wei Qin Ed.
_9652831
942 _hP41,3k, N5
_cTEXL
_2CC
999 _c1080781
_d1080781